000 005100000a22001810004500
003 MACL
005 20160214123528.0
008 160214b xxu||||| |||| 00| 0 eng d
040 _aMACL
_cMACL
041 _aHindi
082 _a333
100 _aवार्मा धर्मेन्‍द्र्
_938362
245 _aप्रदुषण
260 _bज्ञान गंगा
_c1984
_aनई दिल्‍ली
350 _a25
650 _aEnvironment
_938363
942 _cHIN
_k333
_2ddc
999 _c28374
_d28374